Normal view MARC view
  • Paín, Sara

Entry Nombre Personal

Number of records used in: 6

001 - NUMERO DE CONTROL

  • campo de control: 32181

003 - IDENTIFICADOR DE NUMERO DE CONTROL

  • campo de control: DLC

005 - FECHA Y HORA DE LA ÜLTIMA TRANSACCIÓN

  • campo de control: 20221017140425.0

008 - DATOS DE LONGITUD FIJA

  • campo de control de longitud fija: 910816n| acannaab| |n aaa

010 ## - NÚMERO DE CONTROL DE LA BIBLIOTECA DEL CONGRESO

  • Número de control LC: n 91082457

040 ## - FUENTE DE CATALOGACIÓN

  • Agencia original de catalogación: DLC
  • Lenguaje de catalogación: spa
  • Agencia de transcripción: DLC
  • Agencia que lo modifica: MX-MxUPN

100 1# - ENCABEZAMIENTO - NOMBRE PERSONAL

  • Nombre personal: Paín, Sara

670 ## - FUENTE EN LA QUE SE LOCALIZARON DATOS

  • Cita de la fuente: La fonction de l'ignorance, c1989:
  • Información localizada: portada (Sara Paín) contracubierta (profesor, Universidad de Buenos Aires)

670 ## - FUENTE EN LA QUE SE LOCALIZARON DATOS

  • Cita de la fuente: LC data base, 8-16-91
  • Información localizada: (hdg: Paín, Sara)

670 ## - FUENTE EN LA QUE SE LOCALIZARON DATOS

  • Cita de la fuente: Programación psicopedagógica para el primer ciclo escolar, 1977:
  • Información localizada: portada (Sara Paín)

902 ## - CATALOGADOR

  • Catalogador: Víctor Ruiz/171022